00699cam a22002291 4500001001300000003000400013005001700017008004100034010001700075025001800092035001900110040001800129042001200147050001400159100002300173245009200196250001300288260008400301300001900385650004800404999001700452sa 65008969 DLC20260227112159.0811214s1964 pk 000 0 eng  asa 65008969  aPL480:P-E-763 a(OCoLC)7992505 aDLCcViUdDLC apremarc00aPS55b.A71 aAnderson, David D.10aCritical studies in American literature;ba collection of essayscby David D. Anderson. a[1st ed. aKarachi]bBureau of Composition, and Translation, University of Karachic[1964] a141 p.c22 cm. 0aAmerican literaturexHistory and criticism. c65978d65978